El derecho penal bajo la dictadura franquista Bases ideolg̤icas y protagonistas /

Detalles Bibliográficos
Autor principal: Portilla Contreras, Guillermo
Formato: eBook
Lenguaje:español
Publicado: Madrid: Dykinson, 2022
Materias:
Acceso en línea:Acceso restringido

MARC

LEADER 00000nam a22000007a 4500
005 20220719235913.0
007 cr|||| ||||
008 220720s2022 es |||||s|||| 00||0 spa d
020 |a 978-84-1122-139-9 
035 |a 36471 
040 |a vLex 
090 |c 13602  |d 13602 
100 1 |a Portilla Contreras, Guillermo 
245 1 2 |a El derecho penal bajo la dictadura franquista  |h [Recurso electrn̤ico] :  |b Bases ideolg̤icas y protagonistas /  |c Guillermo Portilla Contreras 
256 |a Servicio en ln̕ea 
260 |a Madrid:  |b Dykinson,  |c 2022 
300 |a 1 recurso electrn̤ico 
500 |a En este libro se afronta el estudio del Derecho penal del primer franquismo. Desde el inicio de los Consejos de guerra, los procesos de depuracin̤ e incautacin̤ de bienes hasta las l︢timas condenas dictadas por los tribunales de excepcin̤. Se analizan las claves ideolg̤icas que lo inspiraron, la legislacin̤ y proyectos penales de aquella p̌oca, el funcionamiento de los Tribunales especiales y el papel jugado por aquellos profesores universitarios que gestaron y legitimaron la opresin̤. Un Derecho penal de excepcin̤ que se tradujo en una Jurisdiccin̤ militar asentada en los Consejos de guerra sumars̕imos y sumars̕imos de urgencia. En una Jurisdiccin̤ especial mixta (compuesta por militares falangistas, carlistas y magistrados catl̤icos) apoyada en Comisiones de depuracin̤ (1936); en procesos de incautacin̤ de bienes (1937); en la ley de Responsabilidades Polt̕icas (1939); en la ley sobre Represin̤ de la Masonera̕ y el Comunismo (1940); y en la ley de Seguridad del Estado (1941). Un sistema penal autoritario estructurado en torno a una interconexin̤ permanente entre los diversos tribunales y organismos que participaron en la represin̤ de todo el que no apoy ̤el levantamiento militar: Consejos de guerra, Comisiones liquidadoras de bienes, Comisiones de Depuracin̤, Tribunales de Responsabilidades Polt̕icas, Tribunal Especial para la represin̤ de la Masonera̕ y el Comunismo. En aquellos primeros aǫs de la dictadura, lejos de adoptarse un sistema penal indulgente con los vencidos, se asumi ̤la necesidad de abordar un procedimiento de eliminacin̤ fs̕ica, moral y econm̤ica del rival polt̕ico. Una tčnica basada conjuntamente en la represin̤ corporal, la restriccin̤ de la libertad, el expolio econm̤ico y la humillacin̤ del hostil al denominado Alzamiento Nacional. A tal fin, se concibi ̤una gigantesca tela de araą, una red de intercambio permanente de informacin̤ entre diversas entidades: el Servicio de Informacin̤ militar, el Servicio de Informacin̤ de la Polica̕ Militar, la Delegacin̤ del Estado para la Recuperacin̤ de Documentos, el Tribunal de Responsabilidades Polt̕icas, el Tribunal Especial de Represin̤ de la Masonera̕ y el Comunismo, los Consejos de Guerra, las Comisiones de Depuracin̤, la Inspeccin̤ de prisioneros de Guerra-Campos de concentracin̤, Alcalda̕s, Falange, Guardia civil, Iglesia catl̤ica. 
506 1 |a Disponible solo en los productos indicados  |d vLex Global  |d vLex Global (Academic Edition, excluding Law Schools)  |d vLex Global (U.S. Academic Edition, Law Schools)  |d vLex Global (U.S. Academic Edition, excluding Law Schools)  |d vLex Global (Academic Edition, Law Schools) 
650 0 4 |a Derecho Penal  |z Espaą 
740 0 |a vLex Libros (Servicio en ln̕ea) 
856 4 0 |u https://app.vlex.com/#/sources/36471  |z Acceso restringido 
942 |c BOOK 
999 0 |a Criminal law